000 00348nam a2200145Ia 4500
008 230917s9999||||xx |||||||||||||| ||und||
040 _e129549
_aMAIN
041 _aEnglish
082 _a345.06 A92S(15)
100 _aAvtar Singh
245 0 _aSakshya vidhi
250 _a15th ed.
260 _aAllahabad
_bCenral Law Agency
_c2006
942 _cBK
999 _c135662
_d135662